00441ntaaa2200157 45000030003000000050017000030080021000200400037000410820017000781000028000952450031001232500010001542600034001643000010001985000075002080120251027202415.00714s1973 ag 01  aAR-BaBNbspacAR-BaBNeaacrdRIC a286.5000 Yo7 aYoccou, Raul Caballero  aHermanos Libres por qué? a1 ed. aBuenos Aires : bDILE, c1964 a113 p aBreve comentario sobre el comienzo de un movimiento utilizado por Dios